عرض عادي
عرض مارك
- Civil-military relations
دخول Topical Term
001 - CONTROL NUMBER
- control field: 20790
003 - CONTROL NUMBER IDENTIFIER
- control field: AE-AdECS
005 - DATE AND TIME OF LATEST TRANSACTION
- control field: 20250925092347.0
008 - FIXED-LENGTH DATA ELEMENTS
- fixed length control field: 250925|| aca||aabn | a|a d
040 ## - CATALOGING SOURCE
- Original cataloging agency: AE-AdECS
- Transcribing agency: AE-AdECS
150 ## - HEADING--TOPICAL TERM
- Topical term or geographic name entry element: Civil-military relations
- Geographic subdivision: Africa, West
- General subdivision: History
- Chronological subdivision: 20th century
670 ## - SOURCE DATA FOUND
- Source citation: Work cat.: (AE-AdECS)292362: Turtio, Riina, author. 20789, State-building and national militaries in postcolonial West Africa :
